| 000 | 00910nam a2200217Ia 4500 | ||
|---|---|---|---|
| 003 | GCL | ||
| 005 | 20240530104952.0 | ||
| 008 | 140319s9999 xx 000 0 ara d | ||
| 040 |
_aGCL / _cGCL |
||
| 082 | 0 | 4 |
_a962 _bق/ع ف |
| 100 | 1 | _aعبدالرحمن الرافعى | |
| 245 | 1 | 0 |
_aفى اعقاب الثورة المصرية ثورة 1919 : _bج 1 يشتمل على تاريخ مصر القومى من ابريل 1921 الى وفاة سعد زغلول فى 23 اغسطس 1927 / _cعبدالرحمن الرافعى |
| 260 |
_aالقاهرة : _bدار المعارف ، _c1989 |
||
| 300 |
_a417 ص ؛ _c24 سم |
||
| 490 |
_aتاريخ مصر القومى _v0 |
||
| 650 | 0 | 4 |
_aمصر _xتاريخ _zالعصر الحديث |
| 650 | 0 | 4 | _aالملك فؤاد |
| 650 | 0 | 4 | _aالاحتلال البريطانى |
| 650 | 0 | 4 | _aمصر - تاريخ - العصر الحديث - ثورة 1919 |
| 942 |
_2ddc _cBK |
||
| 999 |
_c52154 _d52154 |
||